| Tag |
First Indicator |
Second Indicator |
Subfields |
| LEADER |
00000cam a2200000 a 4500 |
| 001 |
in00000019098 |
| 005 |
20151007054148.0 |
| 008 |
831130s1982 fr b 00100 spa |
| 010 |
|
|
|a 83174392
|
| 020 |
|
|
|a 2852582503
|
| 034 |
0 |
|
|a a
|
| 035 |
|
|
|a (OCoLC)10375272
|
| 035 |
|
|
|9 AAB4182AM
|
| 040 |
|
|
|a DLC
|c DLC
|d m/c
|d TXA
|d UtOrBLW
|
| 043 |
|
|
|a s-ec---
|
| 049 |
|
|
|a TXAC
|c [A11072805]
|
| 050 |
0 |
0 |
|a G1735
|b .A8 1982
|
| 082 |
0 |
|
|a 912/.866
|2 19
|
| 245 |
0 |
0 |
|a Atlas del Ecuador /
|c bajo la dirección de Anne Collin Delavaud ; con el patrocinio de Georges Laclavère y la participación de Juan Cueva Jaramillo ; colaboración de Rodrigo Cabezas [and others] y del Instituto Geográfico Militar.
|
| 255 |
|
|
|a Scales differ.
|
| 264 |
|
1 |
|a Paris :
|b Les Editions J.A. :
|b Banco Central del Ecuador,
|c [1982]
|
| 264 |
|
4 |
|c ©1982
|
| 300 |
|
|
|a 1 atlas (80 pages) :
|b color maps ;
|c 30 cm.
|
| 336 |
|
|
|a text
|b txt
|2 rdacontent
|
| 337 |
|
|
|a unmediated
|b n
|2 rdamedia
|
| 338 |
|
|
|a volume
|b nc
|2 rdacarrier
|
| 490 |
1 |
|
|a Atlas del mundo
|
| 500 |
|
|
|a Includes glossary and index.
|
| 700 |
1 |
|
|a Collin Delavaud, Anne.
|
| 830 |
|
0 |
|a Atlas del mundo.
|
| 999 |
|
|
|a MARS
|
| 999 |
f |
f |
|s 6f2c26c4-4833-3335-8597-b875a3f798ed
|i fb0e689c-284a-3737-a484-539f71c16ac1
|t 0
|
| 952 |
f |
f |
|p noncirc
|a Texas A&M University
|b College Station
|c Sterling C. Evans Library
|d Evans: Maps (2nd floor)
|t 0
|e G1735 .A8 1982
|h Library of Congress classification
|i unmediated -- volume
|m A14811072805
|
| 998 |
f |
f |
|a G1735 .A8 1982
|t 0
|l Evans: Maps (2nd floor)
|